01275 2200361 4500001002100000005001500021035002000036007000300056008004100059336002100100337002300121338003800144245015100182100002800333300003100361700003300392700002900425264004500454082001700499084001900516020002200535650003400557040002100591500006800612850001200680856007500692852002000767546003800787990002200825990002200847990002200869990002200891INLIS00000000087451520220930103734 a0010-0922002043ta220930s2016 jki gs f ind d 2rdacontentateks 2rdamediaakomputer 2rdacarrierasumber sambung jaring10aOnly the good spy young = Cuma yang lihai yang bisa jadi mata-mata /cpenulis, Ally Carter; penerjemah, Alexandra Karina; penyunting, Nina Andiana1 aCarter, AllyePengarang a1 berkas komputer (3,9 MB)0 aAlexandra KarinaePenerjemah0 aNina AndianaePenyunting31aJakarta :bGramedia Pustaka Utama,c201604223a899.2213 a899.2213 CAR o a978-602-03-3504-9 4aFiksi Indonesia -- Terjemahan aYOPDYOGbiderda aUntuk mengakes buku ini silakan unduh aplikasi http://iJogja.id aYOPDYOG40nPerpustakaan digital iJogjauhttp://ijogja.id/publications/books/276718 aaplikasi iJogja aDiterjemahkan dari bahasa Inggris a000167-EPD/B.2018 a000167-EPD/B.2018 a000168-EPD/B.2018 a000167-EPD/B.2018